000
002860000a22000970004500
100
1
_a
Schmidt-Leukel, Perry
245
1
0
_a
Una nueva espiritualidad para un mundo religiosamente plural
300
_a
Vol.308, núm.305 (Noviembre, 2004), Páginas 737-744
773
0
_t
Concilium
942
_c
ANA
999
_c
61079
_d
61079